[Event "40th Olympiad Women"]
[Site "Istanbul TUR"]
[Date "2012.08.29"]
[Round "2.61"]
[Board "3"]
[White "Debowska, Teresa"]
[Black "Ui Laighleis, Gearoidin"]
[Result "1-0"]
[WhiteTitle "FM"]
[BlackTitle "WCM"]
[WhiteElo "1837"]
[BlackElo "1894"]
[WhiteTeam "IBCA"]
[BlackTeam "Ireland"]
[WhiteFideId "1120816"]
[BlackFideId "2501171"]
[EventDate "2012.08.28"]

1. e4 e6 2. d3 d5 3. Nd2 c5 4. g3 Bd6 5. Bg2 Ne7 6. Ngf3 Nbc6 7. O-O O-O 8. Re1
Qc7 9. Nf1 Bd7 10. h4 f6 11. h5 d4 12. h6 g6 13. Qe2 e5 14. N1h2 Be6 15. g4 Qd7
16. Nh4 b5 17. Bd2 a5 18. Qf3 Nb4 19. Bxb4 axb4 20. b3 Kh8 21. Qh3 Ng8 22. Kh1
Rf7 23. f4 exf4 24. e5 fxe5 25. Bxa8 Nf6 26. Bf3 Bd5 27. Qg2 Bxf3 28. Qxf3 Rf8
29. a4 Bb8 30. axb5 Nd5 31. Nf1 Nf6 32. Nh2 Nd5 33. Ra8 Ne3 34. Re2 Qxb5 35. Qe4
Qe8 36. N4f3 Kg8 37. Qb7 Qf7 38. Rxb8 Qxb7 39. Rxb7 Ra8 40. Rg7+ Kf8 41. Rxh7
Ra1+ 42. Ng1 Rc1 43. Rh8+ Kf7 44. Rc8 Nf1 45. Nxf1 Rxf1 46. Kg2 1-0

[Event "40th Olympiad Women"]
[Site "Istanbul TUR"]
[Date "2012.08.30"]
[Round "3.1"]
[Board "2"]
[White "Muzychuk, Mariya"]
[Black "Zhao, Xue"]
[Result "1-0"]
[WhiteTitle "IM"]
[BlackTitle "GM"]
[WhiteElo "2466"]
[BlackElo "2549"]
[WhiteTeam "Ukraine"]
[BlackTeam "China"]
[WhiteFideId "14114550"]
[BlackFideId "8601283"]
[EventDate "2012.08.28"]

1. e4 e5 2. Nf3 Nc6 3. Nc3 Nf6 4. d4 exd4 5. Nxd4 Bb4 6. Nxc6 bxc6 7. Bd3 d5 8.
exd5 cxd5 9. O-O O-O 10. h3 Re8 11. Qf3 c6 12. Bf4 Be6 13. Ne2 Bd6 14. Rfe1 c5
15. Rad1 Qb6 16. Bxd6 Qxd6 17. Nf4 Rab8 18. b3 Qb6 19. Re5 Qd6 20. Rg5 Rbd8 21.
Qg3 Qf8 22. Nh5 Nxh5 23. Bxh7+ Kh8 24. Rxh5 Qe7 25. Be4+ Kg8 26. Bxd5 Qf6 27. c4
Bf5 28. Qg5 Bg6 29. Qxf6 gxf6 30. Rh4 Rd6 31. Bxf7+ 1-0

[Event "40th Olympiad Women"]
[Site "Istanbul TUR"]
[Date "2012.08.30"]
[Round "3.1"]
[Board "3"]
[White "Ju, Wenjun"]
[Black "Zhukova, Natalia"]
[Result "1/2-1/2"]
[WhiteTitle "WGM"]
[BlackTitle "GM"]
[WhiteElo "2528"]
[BlackElo "2442"]
[WhiteTeam "China"]
[BlackTeam "Ukraine"]
[WhiteFideId "8603006"]
[BlackFideId "14101513"]
[EventDate "2012.08.28"]

1. d4 Nf6 2. c4 e6 3. Nc3 d5 4. cxd5 exd5 5. Bg5 c6 6. e3 Be7 7. Bd3 Nbd7 8. Nf3
O-O 9. Qc2 Re8 10. O-O Nf8 11. Rab1 Be6 12. b4 a6 13. a4 Rc8 14. a5 Ng6 15. h3
Nd7 16. Bxe7 Qxe7 17. Na4 Qf6 18. Kh2 Ndf8 19. Nc5 Rc7 20. Rbe1 Bc8 21. Qc1 Rce7
22. Qd1 h6 23. Bc2 Qd6+ 24. Kg1 Qf6 25. Kh2 Qd6+ 26. Kg1 Qf6 27. Bb1 Qd6 28. Bc2 1/2-1/2

[Event "40th Olympiad Women"]
[Site "Istanbul TUR"]
[Date "2012.08.30"]
[Round "3.1"]
[Board "4"]
[White "Ushenina, Anna"]
[Black "Huang, Qian"]
[Result "1/2-1/2"]
[WhiteTitle "IM"]
[BlackTitle "WGM"]
[WhiteElo "2433"]
[BlackElo "2449"]
[WhiteTeam "Ukraine"]
[BlackTeam "China"]
[WhiteFideId "14110911"]
[BlackFideId "8602689"]
[EventDate "2012.08.28"]

1. d4 d6 2. e4 g6 3. c3 Bg7 4. Nf3 c6 5. Bg5 h6 6. Bh4 Nf6 7. Bd3 Qc7 8. O-O e5
9. Nbd2 O-O 10. a4 Be6 11. Re1 Nh5 12. dxe5 dxe5 13. Bc4 Re8 14. Bxe6 Rxe6 15.
Nc4 Nd7 16. a5 Bf6 17. Bxf6 Nhxf6 18. b4 Kg7 19. Ra2 Rb8 20. Nfd2 Rd8 21. Qe2
Ne8 22. f3 Nf8 23. Nb3 Nd6 24. Nc5 Ree8 25. Nxd6 Rxd6 26. Rd1 Rxd1+ 27. Qxd1 Rd8
28. Rd2 Rxd2 29. Qxd2 b6 30. axb6 axb6 31. Nd3 Ne6 32. Kf1 Qd6 33. Qe2 Qc7 34.
Qa2 Qd6 35. Ke2 Qc7 36. Qa8 h5 37. g3 Kh7 38. h4 Kg7 39. Qa2 Kh7 1/2-1/2

[Event "40th Olympiad Women"]
[Site "Istanbul TUR"]
[Date "2012.08.30"]
[Round "3.2"]
[Board "1"]
[White "Dzagnidze, Nana"]
[Black "Paehtz, Elisabeth"]
[Result "1/2-1/2"]
[WhiteTitle "GM"]
[BlackTitle "IM"]
[WhiteElo "2547"]
[BlackElo "2483"]
[WhiteTeam "Georgia"]
[BlackTeam "Germany"]
[WhiteFideId "13601903"]
[BlackFideId "4641833"]
[EventDate "2012.08.28"]

1. d4 d6 2. Nf3 g6 3. e4 Bg7 4. Nc3 a6 5. Bg5 b5 6. Qd2 Bb7 7. a3 Nd7 8. h3 c5
9. d5 Ngf6 10. Bd3 O-O 11. O-O e5 12. Rfe1 Qc7 13. Bf1 Rae8 14. a4 b4 15. Nd1
Kh8 16. Bxf6 Nxf6 17. c3 a5 18. Bb5 Rc8 19. Rc1 Nh5 20. cxb4 axb4 21. Ne3 Bh6
22. Qd1 Ng7 23. Nd2 f5 24. Rc4 Qf7 25. b3 Rcd8 26. Rc2 Bxe3 27. Rxe3 fxe4 28.
Nxe4 Nf5 29. Bc4 Nd4 30. Ng5 Qf5 31. Ne4 Qf7 32. Ng5 Qe7 33. Ne6 Nxe6 34. dxe6
d5 35. Bb5 e4 36. Bd7 d4 37. Re1 Rf5 38. Qg4 Bd5 39. Rb2 Rg5 40. Qf4 Rf8 41. Qc1
Rgf5 42. Qb1 Re5 43. Rbe2 Qf6 44. a5 Ra8 45. Ra2 Ra7 46. a6 Bxe6 47. Bxe6 Qxe6
48. Ra5 Rxa6 49. Rxa6 Qxa6 50. Rxe4 Qe6 51. Rxe5 Qxe5 52. Kf1 Qf5 53. Qa2 Qd3+
54. Kg1 Qe4 55. Qa5 Qe1+ 56. Kh2 Qe5+ 57. Kg1 Qd6 58. Qa8+ Kg7 59. Qb7+ Kh6 60.
Qe4 d3 61. Qe3+ Kg7 62. Qd2 Qd4 63. g3 Qe4 64. Qb2+ Kg8 65. Qf6 Qd5 66. Qe7 Qxb3
67. Qxc5 Qc3 68. Qe7 Qc4 69. Qe8+ Kg7 70. Qe7+ Qf7 71. Qxb4 Qd7 72. Qd2 Qd4 73.
h4 Kf7 74. Qa2+ Ke7 75. Qd2 Kd6 76. Kg2 Qe4+ 77. f3 Qd4 78. f4 Kd5 79. Kf3 Qe4+
80. Kf2 Qd4+ 81. Kf3 Qe4+ 82. Kf2 h5 83. Qa5+ Ke6 84. Qa6+ Ke7 85. Qa7+ Kf6 86.
Qa6+ Ke7 87. Qa7+ Kd6 88. Qb6+ Kd7 89. Qa7+ Kd6 90. Qb6+ 1/2-1/2

[Event "40th Olympiad Women"]
[Site "Istanbul TUR"]
[Date "2012.08.30"]
[Round "3.2"]
[Board "2"]
[White "Melamed, Tetyana"]
[Black "Khotenashvili, Bela"]
[Result "1/2-1/2"]
[WhiteTitle "WGM"]
[BlackTitle "IM"]
[WhiteElo "2356"]
[BlackElo "2509"]
[WhiteTeam "Germany"]
[BlackTeam "Georgia"]
[WhiteFideId "14102145"]
[BlackFideId "13602640"]
[EventDate "2012.08.28"]

1. e4 c6 2. d4 d5 3. exd5 cxd5 4. c4 Nf6 5. Nc3 g6 6. cxd5 Nxd5 7. Bc4 Nb6 8.
Bb3 Bg7 9. Nf3 O-O 10. O-O Nc6 11. Bg5 Bg4 12. Re1 h6 13. d5 Nxd5 14. Nxd5 hxg5
15. Nxe7+ Nxe7 16. Qxd8 Raxd8 17. Rxe7 Bxb2 18. Rae1 Rd7 19. h3 Bf6 20. Rxd7
Bxd7 21. Ne5 Bxe5 22. Rxe5 Re8 23. Rxg5 Kg7 24. Rc5 Bc6 25. Kh2 Re2 26. Kg3 f5
27. Rc2 Re5 28. f4 Re3+ 29. Kf2 Rd3 30. Re2 a5 31. Bc2 Rc3 32. g4 Rf3+ 33. Ke1
Rxf4 34. gxf5 gxf5 35. Re5 Kf6 36. Rxa5 Bg2 37. h4 Rf1+ 38. Ke2 f4 39. Be4 f3+
40. Kd2 Rf2+ 41. Kd3 b6 42. Rf5+ Ke6 43. Rf8 Rxa2 44. Bxf3 Ra3+ 45. Ke2 Bxf3+
46. Rxf3 Rxf3 47. Kxf3 Kf5 48. Ke3 Kg4 49. Kd4 Kxh4 50. Ke4 1/2-1/2

[Event "40th Olympiad Women"]
[Site "Istanbul TUR"]
[Date "2012.08.30"]
[Round "3.2"]
[Board "3"]
[White "Javakhishvili, Lela"]
[Black "Ohme, Melanie"]
[Result "1-0"]
[WhiteTitle "IM"]
[BlackTitle "WGM"]
[WhiteElo "2458"]
[BlackElo "2337"]
[WhiteTeam "Georgia"]
[BlackTeam "Germany"]
[WhiteFideId "13601458"]
[BlackFideId "4690745"]
[EventDate "2012.08.28"]

1. d4 Nf6 2. c4 g6 3. Nc3 Bg7 4. Nf3 O-O 5. g3 d6 6. Bg2 c6 7. O-O Qb6 8. b3 e5
9. e3 e4 10. Nd2 Bg4 11. Qc2 d5 12. a4 a5 13. h3 Be6 14. Ba3 Re8 15. Bd6 Na6 16.
c5 Qd8 17. f3 Nb4 18. Qd1 exf3 19. Rxf3 b6 20. Ne2 bxc5 21. Bxc5 Rb8 22. Nf4 Bf5
23. Rc1 Na2 24. Ra1 Nb4 25. Rc1 Na2 26. Ra1 Nc3 27. Qc1 Nce4 28. Nxe4 Bxe4 29.
Qc3 Bxf3 30. Bxf3 Ne4 31. Bxe4 Rxe4 32. b4 axb4 33. Bxb4 Qb6 34. Bc5 Qa6 35. a5
h5 36. Bb6 Bh6 37. Ng2 Re6 38. Re1 Rf6 39. Nf4 Qc8 40. Kg2 h4 41. Rf1 Bxf4 42.
gxf4 g5 43. Kh2 gxf4 44. exf4 Rg6 45. f5 Rg5 46. Qf3 f6 47. Qe3 Kf7 48. Qf4 Rb7
49. Qxh4 Qg8 50. Rf2 Re7 51. Qf4 Qc8 52. h4 Rh5 53. Qg4 Rh6 54. Kg3 Re1 55. Qf4
Qg8+ 56. Kf3 Rh5 57. Rg2 Qc8 58. Rg7+ Kxg7 59. Qg4+ Rg5 60. hxg5 Rf1+ 61. Ke2
Rxf5 62. gxf6+ Kxf6 63. Qh4+ Kg6 64. Qg3+ Kh5 65. Qh2+ Kg6 66. Qg3+ Rg5 67. Qd6+
Kf7 68. Qf4+ Kg6 69. Qd6+ Kf5 70. Bd8 Rg6 71. Qf8+ Ke6 72. Qe7+ Kf5 73. Qf7+ Ke4
74. Qxg6+ Kxd4 75. Bb6+ c5 76. Qd3+ Ke5 77. Qg3+ Kd4 78. Kd2 Kc4 79. Qd3+ Kb4
80. Kc2 c4 81. Qxd5 Qf8 82. a6 Qc8 83. Qa5# 1-0

[Event "40th Olympiad Women"]
[Site "Istanbul TUR"]
[Date "2012.08.30"]
[Round "3.3"]
[Board "3"]
[White "Zawadzka, Jolanta"]
[Black "Rudolf, Anna"]
[Result "1-0"]
[WhiteTitle "WGM"]
[BlackTitle "WGM"]
[WhiteElo "2377"]
[BlackElo "2289"]
[WhiteTeam "Poland"]
[BlackTeam "Hungary"]
[WhiteFideId "1122320"]
[BlackFideId "722855"]
[EventDate "2012.08.28"]

1. c4 e6 2. Nf3 d5 3. b3 Nf6 4. g3 Be7 5. Bg2 O-O 6. O-O b6 7. Bb2 Bb7 8. d3 c5
9. e3 Nc6 10. Nc3 a6 11. Qe2 dxc4 12. bxc4 Qc7 13. Rad1 Rfd8 14. Ne1 Ne8 15. f4
Nd6 16. a4 Nb4 17. e4 Bc6 18. Nf3 Rab8 19. g4 Ne8 20. Ne5 Ba8 21. g5 Nc6 22.
Nxc6 Bxc6 23. Rf3 Qd7 24. Rh3 g6 25. Rf1 Ng7 26. Nd1 Ne8 27. Qg4 f5 28. exf5
Bxg2 29. Rxh7 exf5 30. Qh4 Bxf1 31. Qh6 Bf8 32. Rh8+ Kf7 33. Rxf8+ Ke7 34. Rh8
Qe6 35. Rh7+ Kd6 36. Kxf1 Kc6 37. Qh3 b5 38. Be5 bxc4 39. Qg2+ Qd5 40. Qxd5+
Kxd5 41. Ne3+ Ke6 42. Bxb8 Rxb8 43. dxc4 Rb4 44. a5 Nd6 45. Rg7 Nxc4 46. Rxg6+
Kd7 47. Nd5 Rb1+ 48. Ke2 Rb2+ 49. Kd3 Nd6 50. Nb6+ 1-0

[Event "40th Olympiad Women"]
[Site "Istanbul TUR"]
[Date "2012.08.30"]
[Round "3.3"]
[Board "4"]
[White "Papp, Petra"]
[Black "Szczepkowska-Horowska, Karina"]
[Result "1/2-1/2"]
[WhiteTitle "WGM"]
[BlackTitle "WGM"]
[WhiteElo "2302"]
[BlackElo "2375"]
[WhiteTeam "Hungary"]
[BlackTeam "Poland"]
[WhiteFideId "739049"]
[BlackFideId "1122681"]
[EventDate "2012.08.28"]

1. e4 e5 2. Nf3 Nc6 3. Bb5 a6 4. Ba4 Nf6 5. O-O Be7 6. Re1 b5 7. Bb3 O-O 8. h3
Bb7 9. d3 d5 10. exd5 Nxd5 11. Nxe5 Nd4 12. Bd2 c5 13. Nc3 Nxb3 14. axb3 Nb4 15.
Ne4 Qd5 16. Nf3 Rfe8 17. Bc3 Nc6 18. Bd2 f5 19. Nc3 Qd7 20. Bf4 Bf6 21. Qd2 Nd4
22. Nxd4 cxd4 23. Ne2 g5 24. Bh2 Qd5 25. f3 f4 26. c4 Qf5 27. cxb5 axb5 28. Rxa8
Rxa8 29. Nc1 Rc8 30. b4 Bd5 31. Qd1 Qd7 32. Nb3 Bxb3 33. Qxb3+ Qf7 34. Qd1 Kg7
35. Kf1 Qa2 36. Qe2 Qb3 37. Qe4 Rc7 38. h4 h6 39. h5 Qf7 40. Bxf4 Re7 41. Qc6
gxf4 42. Qxb5 Bh4 43. Re4 Rxe4 44. fxe4 Qc7 45. Qc5 Qxc5 46. bxc5 Be7 47. b4 Kf6
48. Ke2 Ke6 49. Kf3 Ke5 50. Kg4 Bf8 51. Kf3 Be7 52. Kg4 Bf8 53. Kf3 1/2-1/2

[Event "40th Olympiad Women"]
[Site "Istanbul TUR"]
[Date "2012.08.30"]
[Round "3.4"]
[Board "2"]
[White "Maisuradze, Nino"]
[Black "Exler, Veronika"]
[Result "1-0"]
[WhiteTitle "WGM"]
[BlackTitle "WFM"]
[WhiteElo "2284"]
[BlackElo "2103"]
[WhiteTeam "France"]
[BlackTeam "Austria"]
[WhiteFideId "13601717"]
[BlackFideId "1620550"]
[EventDate "2012.08.28"]

1. d4 d5 2. c4 c6 3. Nf3 Nf6 4. e3 Bf5 5. cxd5 cxd5 6. Ne5 e6 7. Nc3 Nbd7 8. g4
Be4 9. f3 Bg6 10. Qa4 Bd6 11. Nb5 Bb8 12. h4 h5 13. Nxg6 fxg6 14. g5 Ng8 15. Bh3
Kf7 16. Bd2 a6 17. Nc3 Ne7 18. O-O-O b5 19. Qb3 Nb6 20. Ne4 Nf5 21. Nc5 Re8 22.
Ba5 Bc7 23. Bxf5 exf5 24. Bxb6 Bxb6 25. Nd3 Re6 26. Nf4 Rc6+ 27. Kb1 Rc4 28. e4
dxe4 29. fxe4 Bxd4 30. exf5 gxf5 31. g6+ Kf6 32. Rhe1 Qc8 1-0

[Event "40th Olympiad Women"]
[Site "Istanbul TUR"]
[Date "2012.08.30"]
[Round "3.4"]
[Board "3"]
[White "Kopinits, Anna-Christina"]
[Black "Collas, Silvia"]
[Result "0-1"]
[WhiteTitle "WIM"]
[BlackTitle "IM"]
[WhiteElo "2234"]
[BlackElo "2261"]
[WhiteTeam "Austria"]
[BlackTeam "France"]
[WhiteFideId "1614142"]
[BlackFideId "2902265"]
[EventDate "2012.08.28"]

1. e4 c5 2. Nf3 Nc6 3. d4 cxd4 4. Nxd4 g6 5. Nc3 Bg7 6. Be3 Nf6 7. Bc4 Qa5 8.
Nb3 Qb4 9. Nd2 Qxb2 10. Nb5 Qe5 11. f4 Qb8 12. e5 Nxe5 13. fxe5 Qxe5 14. Be2
Qxe3 15. Nc7+ Kd8 16. Nxa8 Nd5 17. Rb1 Nc3 18. Nc4 Qe4 19. Qd2 Nxb1 20. Qa5+ b6
21. Qxa7 Qb7 22. Qxb6+ Qxb6 23. Naxb6 Bb7 24. Bf3 Bxf3 25. gxf3 Nc3 26. a4 Bd4
27. Kd2 d5 28. Kd3 e5 29. Nd2 Kc7 30. a5 Kc6 31. Nb3 Bxb6 32. Kxc3 Ba7 33. h4 h6
34. Kd3 Rb8 35. Nd2 Rb4 36. Re1 Rd4+ 37. Kc3 Rxh4 38. Rb1 Ra4 39. Nb3 h5 40. Re1
f6 41. Re2 h4 0-1

[Event "40th Olympiad Women"]
[Site "Istanbul TUR"]
[Date "2012.08.30"]
[Round "3.4"]
[Board "4"]
[White "Bollengier, Andreea"]
[Black "Schnegg, Anna-Lena"]
[Result "0-1"]
[WhiteTitle "WIM"]
[WhiteElo "2253"]
[BlackElo "2088"]
[WhiteTeam "France"]
[BlackTeam "Austria"]
[WhiteFideId "1203347"]
[BlackFideId "1625268"]
[EventDate "2012.08.28"]

1. c4 c5 2. Nf3 Nc6 3. g3 Nf6 4. Bg2 d5 5. cxd5 Nxd5 6. Nc3 Nc7 7. O-O e5 8. e3
Be7 9. Ne1 h5 10. f4 exf4 11. gxf4 Bg4 12. Qb3 Qc8 13. d4 cxd4 14. exd4 Nxd4 15.
Qa4+ Nc6 16. Be3 O-O 17. Nf3 Re8 18. Ne5 Bd6 19. Nxg4 Qxg4 20. Bd2 Ne6 21. Kh1
Ned4 22. Qc4 Qe6 23. Bd5 Qf5 24. Rg1 Ne6 25. Raf1 Rac8 26. Ne4 Bf8 27. Ng3 Qh3
28. Bg2 Qh4 29. Bc3 Ncd4 30. Qd3 Rcd8 31. f5 Nf4 32. Qc4 Nxg2 33. Rxg2 Nxf5 34.
Rf4 Nxg3+ 35. Rxg3 Rd1+ 36. Kg2 Qe7 37. Rgf3 Qe2+ 38. Rf2 Qxc4 39. Rxc4 Rd7 40.
Kf1 Rd1+ 41. Kg2 Rd7 42. Kf1 g6 43. a4 Bg7 44. Kg2 Bxc3 45. Rxc3 Re4 46. b3 Red4
47. Rcc2 Kg7 48. a5 Rb4 49. Rf3 Rb5 50. Ra2 a6 51. Kg3 Rdd5 52. Rc2 Rxa5 53. Rc7
Rf5 54. Rxb7 Rxf3+ 55. Kxf3 Rb5 0-1

[Event "40th Olympiad Women"]
[Site "Istanbul TUR"]
[Date "2012.08.30"]
[Round "3.5"]
[Board "1"]
[White "Bojkovic, Natasa"]
[Black "Matnadze, Ana"]
[Result "1-0"]
[WhiteTitle "IM"]
[BlackTitle "IM"]
[WhiteElo "2392"]
[BlackElo "2422"]
[WhiteTeam "Serbia"]
[BlackTeam "Spain"]
[WhiteFideId "908550"]
[BlackFideId "13601377"]
[EventDate "2012.08.28"]

1. e4 e5 2. Nf3 Nc6 3. Bb5 Nge7 4. O-O g6 5. c3 Bg7 6. d4 exd4 7. cxd4 a6 8. Ba4
b5 9. Bc2 d6 10. h3 O-O 11. Nc3 h6 12. d5 Na5 13. Nd4 b4 14. Nce2 c5 15. dxc6
Nexc6 16. Be3 Ne5 17. b3 Rb8 18. Qd2 Kh7 19. Rad1 Bb7 20. Ng3 Qc7 21. Bb1 Rfd8
22. Rc1 Qe7 23. Qxb4 Nac6 24. Nxc6 Bxc6 25. Qa5 Bb5 26. Rfd1 Nc6 27. Qd2 Ne5 28.
f4 Qh4 29. Qf2 Be8 30. fxe5 dxe5 31. Ne2 Qe7 32. Nc3 Qe6 33. Bd3 Bb5 34. Nxb5
axb5 35. Qe2 b4 36. Bc4 Qe7 37. Qf2 f6 38. Rd5 Qb7 39. Rcd1 Rxd5 40. Rxd5 Rc8
41. Qd2 Rc7 42. Rd8 g5 43. Qf2 h5 44. Qf5+ Kh6 45. Rd6 1-0

[Event "40th Olympiad Women"]
[Site "Istanbul TUR"]
[Date "2012.08.30"]
[Round "3.5"]
[Board "2"]
[White "Alexandrova, Olga"]
[Black "Manakova, Maria"]
[Result "0-1"]
[WhiteTitle "IM"]
[BlackTitle "WGM"]
[WhiteElo "2417"]
[BlackElo "2304"]
[WhiteTeam "Spain"]
[BlackTeam "Serbia"]
[WhiteFideId "14102463"]
[BlackFideId "927007"]
[EventDate "2012.08.28"]

1. d4 Nf6 2. c4 g6 3. Nc3 d5 4. e3 Bg7 5. cxd5 Nxd5 6. Nxd5 Qxd5 7. Ne2 e5 8.
Nc3 Qd8 9. d5 O-O 10. e4 c6 11. Bc4 Qh4 12. O-O b5 13. Bb3 b4 14. Na4 Qxe4 15.
dxc6 Be6 16. Bxe6 fxe6 17. Qd6 Re8 18. c7 Nc6 19. Nc5 Qd5 20. Rd1 Nd4 21. Qxd5
exd5 22. Be3 Nc2 23. Rac1 Nxe3 24. fxe3 Bh6 25. Kf2 d4 26. Rc4 Bxe3+ 27. Ke2
Rac8 28. Na6 Re6 29. Rxb4 Rc6 30. Rb7 e4 31. Rxa7 Rc2+ 32. Ke1 d3 0-1

[Event "40th Olympiad Women"]
[Site "Istanbul TUR"]
[Date "2012.08.30"]
[Round "3.5"]
[Board "4"]
[White "Hernandez Estevez, Yudania"]
[Black "Benderac, Ana"]
[Result "0-1"]
[WhiteTitle "WIM"]
[BlackTitle "WGM"]
[WhiteElo "2252"]
[BlackElo "2266"]
[WhiteTeam "Spain"]
[BlackTeam "Serbia"]
[WhiteFideId "2219344"]
[BlackFideId "913464"]
[EventDate "2012.08.28"]

1. e4 c6 2. Nf3 d5 3. Nc3 dxe4 4. Nxe4 Nf6 5. Ng3 h5 6. h3 h4 7. Ne2 Bf5 8. b3
Nbd7 9. Bb2 e5 10. Nxe5 Nxe5 11. Bxe5 Qe7 12. Bd4 O-O-O 13. Be3 Nd5 14. a3 g5
15. c4 Nf4 16. Nc3 Bg7 17. Rc1 Rh6 18. b4 Re6 19. Qf3 Bxc3 20. Rxc3 Be4 21. Qd1
Bxg2 22. Rh2 Be4 23. Qa4 Bf3 24. Qxa7 Qd6 25. d3 Ng6 26. Rg2 Bxg2 27. Bxg2 Nf4
28. Bf3 f5 29. Kf1 Nxd3 30. Bd5 Re5 31. Rxd3 cxd5 32. Bxg5 Rde8 33. Qa8+ Kc7 34.
Qa5+ Kd7 35. Rxd5 Rxd5 36. cxd5 Qa6+ 37. Qxa6 bxa6 38. Bxh4 Kd6 39. Bg5 Kxd5 40.
Bd2 Ke4 41. Ke2 Rh8 42. a4 Rxh3 43. b5 axb5 44. axb5 Rb3 45. b6 f4 46. Bc1 f3+
47. Kd1 Kd3 0-1

[Event "40th Olympiad Women"]
[Site "Istanbul TUR"]
[Date "2012.08.30"]
[Round "3.6"]
[Board "1"]
[White "Muzychuk, Anna"]
[Black "Nakhbayeva, Guliskhan"]
[Result "1-0"]
[WhiteTitle "GM"]
[BlackTitle "WIM"]
[WhiteElo "2606"]
[BlackElo "2291"]
[WhiteTeam "Slovenia"]
[BlackTeam "Kazakhstan"]
[WhiteFideId "14111330"]
[BlackFideId "13704788"]
[EventDate "2012.08.28"]

1. e4 e5 2. Nf3 Nf6 3. Nxe5 d6 4. Nf3 Nxe4 5. Nc3 Nxc3 6. dxc3 Be7 7. Be3 O-O 8.
Qd2 Nc6 9. O-O-O Ne5 10. Kb1 c6 11. Nd4 c5 12. Ne2 Nc4 13. Qc1 Nxe3 14. Qxe3 Re8
15. Qf3 Rb8 16. Nf4 b5 17. Bd3 Bf6 18. Rhe1 Be5 19. Bxh7+ Kxh7 20. Qh5+ Kg8 21.
Rxe5 dxe5 22. Rxd8 Rxd8 23. Nd3 Rb6 24. b3 c4 25. Nxe5 Rf6 26. Nf3 cxb3 27. axb3
a6 28. Qh4 Bb7 29. Ng5 Rh6 30. Qf4 Rf8 31. f3 Rf6 32. Qc7 Bc6 33. Kb2 Bd5 34.
Qe7 Ra8 35. Qd7 Bc6 36. Qd3 Rh6 37. h3 Rf8 38. c4 bxc4 39. Qxc4 Bb5 40. Qe4 Bc6
41. Qf5 Bb5 42. c4 Bc6 43. Kc3 Bb7 44. b4 Bc8 45. Qe4 Bd7 46. Qb7 Bf5 47. c5 Rf6
48. g4 Bc8 49. Qe4 Rh6 50. Qe7 f5 51. Qe5 Rhf6 52. Qd5+ Kh8 53. Kd4 fxg4 54.
hxg4 Rf4+ 55. Kc3 R4f6 56. Qe4 Rh6 57. Nf7+ Rxf7 58. Qe8+ Kh7 59. Qxf7 1-0

[Event "40th Olympiad Women"]
[Site "Istanbul TUR"]
[Date "2012.08.30"]
[Round "3.6"]
[Board "2"]
[White "Sergeyeva, Mariya"]
[Black "Rozic, Vesna"]
[Result "1-0"]
[WhiteTitle "WGM"]
[BlackTitle "WIM"]
[WhiteElo "2346"]
[BlackElo "2260"]
[WhiteTeam "Kazakhstan"]
[BlackTeam "Slovenia"]
[WhiteFideId "13701037"]
[BlackFideId "14604000"]
[EventDate "2012.08.28"]

1. e4 e6 2. d4 d5 3. Nc3 Nf6 4. e5 Nfd7 5. f4 c5 6. Nf3 Nc6 7. Be3 a6 8. Qd2 b5
9. Nd1 b4 10. Be2 Qb6 11. c3 cxd4 12. cxd4 Be7 13. O-O a5 14. Rc1 g6 15. Nf2 Ba6
16. Bxa6 Qxa6 17. f5 gxf5 18. Bg5 Bf8 19. Kh1 h6 20. Be3 h5 21. Ng5 Rc8 22. Nd3
Be7 23. h4 Bxg5 24. Bxg5 f6 25. exf6 Kf7 26. Nf4 b3 27. axb3 Nb4 28. Rfe1 Rxc1
29. Qxc1 Rc8 30. Qd1 Nxf6 31. Bxf6 Kxf6 32. Qxh5 Rc6 33. Qh7 1-0

[Event "40th Olympiad Women"]
[Site "Istanbul TUR"]
[Date "2012.08.30"]
[Round "3.6"]
[Board "4"]
[White "Saduakassova, Dinara"]
[Black "Srebrnic, Ana"]
[Result "1-0"]
[WhiteTitle "WIM"]
[BlackTitle "WGM"]
[WhiteElo "2216"]
[BlackElo "2211"]
[WhiteTeam "Kazakhstan"]
[BlackTeam "Slovenia"]
[WhiteFideId "13700090"]
[BlackFideId "14603314"]
[EventDate "2012.08.28"]

1. d4 Nf6 2. c4 g6 3. Nc3 Bg7 4. e4 d6 5. Nf3 O-O 6. Be2 e5 7. O-O Na6 8. Be3
Ng4 9. Bg5 f6 10. Bc1 Qe8 11. Rb1 c6 12. h3 Nh6 13. dxe5 dxe5 14. Be3 Nf7 15. b4
Qe7 16. Qa4 Rd8 17. c5 Nc7 18. b5 Qe8 19. bxc6 bxc6 20. Nd2 f5 21. exf5 gxf5 22.
Nc4 f4 23. Bh5 Qe6 24. Nd6 Nxd6 25. cxd6 Nd5 26. Qxc6 Nxc3 27. Qxa8 Nxb1 28.
Bxa7 Nd2 29. Rc1 Rf8 30. Bg4 Qxd6 31. Rxc8 Rxc8 32. Qxc8+ Bf8 33. Qe6+ Qxe6 34.
Bxe6+ Kg7 35. f3 Kf6 36. Bg8 h6 37. a4 e4 38. fxe4 Nxe4 39. Bd4+ Kg5 40. a5 Bc5
41. Bxc5 Nxc5 42. Bc4 Nd7 43. a6 Nb6 44. a7 f3 45. gxf3 Kf4 46. Kf2 Ke5 47. Bd3
Kd5 1-0

[Event "40th Olympiad Women"]
[Site "Istanbul TUR"]
[Date "2012.08.30"]
[Round "3.7"]
[Board "1"]
[White "Kosintseva, Tatiana"]
[Black "Munguntuul, Batkhuyag"]
[Result "1/2-1/2"]
[WhiteTitle "GM"]
[BlackTitle "IM"]
[WhiteElo "2530"]
[BlackElo "2434"]
[WhiteTeam "Russia"]
[BlackTeam "Mongolia"]
[WhiteFideId "4133471"]
[BlackFideId "4900758"]
[EventDate "2012.08.28"]

1. e4 e5 2. Nf3 Nc6 3. Bb5 Nf6 4. d3 Bc5 5. c3 O-O 6. O-O d6 7. Re1 a6 8. Ba4 b5
9. Bb3 h6 10. h3 Re8 11. Nbd2 Bb7 12. Nf1 Bb6 13. Ng3 Na5 14. Bc2 d5 15. b4 Nc6
16. Bd2 dxe4 17. dxe4 Na7 18. Nh4 Nc8 19. Nhf5 Nd6 20. Qc1 Nxf5 21. Nxf5 Bc8 22.
Ng3 Kh7 23. Be3 Bxe3 24. Qxe3 Be6 25. a4 Qe7 26. Bd3 c6 27. Bf1 Nd7 28. Ra3 Qg5
29. Qxg5 hxg5 30. Rd1 Nb6 31. a5 Nc4 32. Bxc4 Bxc4 33. Nf5 Red8 34. Raa1 Bb3 35.
Rxd8 Rxd8 36. Ne3 c5 37. Rb1 Be6 38. Rd1 Rxd1+ 39. Nxd1 c4 40. Ne3 Kg8 41. g3 g6
42. f3 f5 43. exf5 gxf5 44. f4 exf4 45. gxf4 gxf4 46. Ng2 f3 47. Nf4 Kf7 48. Kf2
Bc8 49. Kxf3 Kf6 50. h4 Bb7+ 51. Ke3 Be4 52. Kd4 Bc6 53. h5 Kg5 54. Ke5 Bd7 55.
Kd6 Be8 56. Ne6+ Kxh5 57. Ng7+ Kg4 58. Nxe8 f4 59. Nf6+ Kf5 60. Nh5 f3 61. Ng3+
Kf4 62. Nf1 Ke4 63. Nd2+ Ke3 64. Nxf3 Kxf3 65. Kc5 Ke3 66. Kb6 Kd3 67. Kxa6 Kxc3
68. Kxb5 Kb3 69. a6 c3 70. a7 c2 71. a8=Q c1=Q 72. Qd5+ Ka3 73. Qd3+ Kb2 74. Qc4
Qe3 75. Ka6 Qh6+ 76. Ka5 Qd2 77. Qc6 Ka3 78. Qf3+ Kb2 79. Qf6+ Kb3 80. Qf3+ Kb2
81. Kb5 Qd4 82. Qc6 Kb3 83. Qe6+ Ka3 84. Qh3+ Kb2 85. Qf3 Ka2 86. Qg2+ Kb3 87.
Qg8+ Kc3 88. Qc8+ Kb3 89. Qe6+ Ka3 90. Qa6+ Kb3 91. Qa4+ Kb2 92. Qa8 Kb3 93.
Qf3+ Kb2 94. Qg2+ Kb3 95. Qg3+ Kb2 96. Qf3 Ka2 97. Qc6 Kb3 98. Qe6+ Ka3 99. Qe7
Kb3 100. Ka5 Qa1+ 101. Kb6 Qd4+ 102. Ka5 Qa1+ 103. Kb6 Qd4+ 104. Kb5 Qd5+ 105.
Qc5 Qb7+ 106. Ka5 Qa8+ 107. Kb6 Qb8+ 108. Kc6 Qxb4 1/2-1/2